000 00441 a2200169 4500
001 72258
020 _a8574885258
040 _cAnchieta - Colégio São Paulo
100 _aLelarge, Fabrice
240 1 0 _a365 Piadas para crianças a partir dos 7 anos
_lpor
245 1 0 _a365 Piadas para crianças a partir dos 7 anos
300 _a[192p.]
362 0 _a2005
440 1 _aGirassol
650 4 _aLiteratura infanto-juvenil
942 _cBK
999 _c72258
_d72258